Score 0/10 Timer 01:00
0 Plays Today
Song #1 State % Correct
Sweet Home _____
◦Lynyrd Skynyrd◦
Alabama
99.1%
_____ Gurls
◦Katy Perry◦
California
95.9%
The Devil Went Down to _____
◦The Charlie Daniels Band◦
Georgia
81.3%
_____ State of Mind
◦Billy Joel◦
New York
78.8%
Deep in the Heart of _____
◦Perry Como◦
Texas
76.7%
Blue _____
◦Elvis Presley◦
Hawaii
57.1%
Back to _____
◦Billy Ray Cyrus◦
Tennessee
47.7%
_____ Delta Blues
◦Merle Haggard◦
Mississippi
42.7%
_____ Woman
◦Neil Diamond◦
Kentucky
27.5%
2120 South _____ Avenue
◦Rolling Stones◦
Michigan
9.2%

Today's Daily Dose

Remove Ads.
Support Sporcle.
Get the best of Sporcle when you Go Orange. This ad-free experience offers more features, more stats, and more fun while also helping to support Sporcle. Thank you for becoming a member.

You're not logged in!

Compare scores with friends on all Sporcle quizzes.
OR
Log In

Show Comments

Extras

Top Quizzes Today


Score Distribution

Your Account Isn't Verified!

In order to create a playlist on Sporcle, you need to verify the email address you used during registration. Go to your Sporcle Settings to finish the process.

Report this User

Report this user for behavior that violates our Community Guidelines.

Details: